| 000 | 01648nam a22002417a 4500 | ||
|---|---|---|---|
| 999 |
_c62092 _d62092 |
||
| 003 | Ge_BSU | ||
| 005 | 20240708152350.0 | ||
| 008 | 240708s2021 ge ||||| |||| 00| 0 geo d | ||
| 020 | _a9789941328046 | ||
| 041 | _ageo | ||
| 080 | _a005.93 ა-28 | ||
| 100 |
_aადიზესი, იცხაკ, _eავტორი. _922754 |
||
| 245 |
_aკომპანიების სასიცოცხლო ციკლების მართვა : _bადიზესის მეთოდოლოგია/ _c იცხაკ ადიზესი ; ინგლისურიდან თარგმნა ინგა ჭილაშვილმა ; აკად. რედაქტორი ბორის (ბუბა) ლეჟავა ; სარედაქციო ჯგუფი: ლია თოფურია, ზურაბ აბაშიძე, სალომე საბანაძე [და სხვა]. |
||
| 264 |
_aთბილისი : _b პალიტრა L, _c2021. |
||
| 300 |
_a528 გვ. ; _b23,5 სმ |
||
| 440 |
_aლურჯი ოკეანე _922755 |
||
| 546 | _aგარეკანი ქართულ და ინგლისურ ენებზე. შენიშვნები თავების ბოლოს | ||
| 653 | _aორგანიზაციის მართვა. | ||
| 653 | _aმენეჯმენტი | ||
| 700 |
_aჭილაშვილი, ინგა _eმთარგმნელი _922756 |
||
| 700 |
_a ლეჟავა, ბორის _eრედაქტორი და სხვა _922757 |
||
| 942 |
_2udc _cBK |
||